Atlas of commercial woods in world
| Format: | Book |
|---|---|
| Published: |
China ,
2004
|
| Subjects: |
MARC
| LEADER | 00000cam a2200000 7i4500 | ||
|---|---|---|---|
| 001 | 0000003290 | ||
| 005 | 20050822.0 | ||
| 020 | 0 | 0 | |a 7503837675 |
| 090 | 0 | 0 | |a 582.160973 |b ATL |
| 245 | 1 | 0 | |a Atlas of commercial woods in world |
| 260 | 0 | 0 | |a China , |c 2004 |
| 300 | |a 216 p. : |b ill. ; |c 230mm x 300mm. | ||
| 650 | 0 | 0 | |a Commercial |x Woods |z World |
| 650 | 0 | 0 | |a Woods |
| 999 | |a 0000006157 |b Monograph |c Open Shelf |e Default branch | ||